000 00823nam a2200265 i 4500
001 84595
003 ES-MaACL
005 20230906175038.0
007 t|
008 041123s1974 sp |||| |dspa d
080 _a1 Wittgenstein, Ludwig
080 _a008(436.14 W.)"19"
100 1 _aJanik, Allan.
_966025
245 1 3 _aLa Viena de Wittgenstein /
_cAllan Janik y Stephen Toulmin ; traducción de Ignacio Gómez de Liaño.
260 _a[Madrid] :
_bTaurus,
_c[1974]
300 _a373 p. ;
_c21 cm.
490 1 _aEnsayistas
600 1 4 _aWittgenstein, Ludwig.
_9117183
651 4 _aViena-
_xVida intelectual.
_9162622
700 1 _aToulmin, Stephen Edelston.
_9111127
700 1 _aGómez de Liaño, Ignacio.
_957908
830 0 _aEnsayistas
_9177257
852 _aES-MaACL
_jE-6100
999 _c84595
_d84595